Logic testing and design for testability / (Record no. 8353)

MARC details
000 -LEADER
fixed length control field 00749nam a2200265 4500
001 - CONTROL NUMBER
control field 1441057
005 - DATE AND TIME OF LATEST TRANSACTION
control field 20150522103816.0
007 - PHYSICAL DESCRIPTION FIXED FIELD--GENERAL INFORMATION
fixed length control field 000
008 - FIXED-LENGTH DATA ELEMENTS--GENERAL INFORMATION
fixed length control field 000
010 ## - LIBRARY OF CONGRESS CONTROL NUMBER
LC control number 85000084
020 ## - INTERNATIONAL STANDARD BOOK NUMBER
International Standard Book Number 0262060965
040 ## - CATALOGING SOURCE
Original cataloging agency UOEL
Transcribing agency DLC
Modifying agency DLC
050 00 - LIBRARY OF CONGRESS CALL NUMBER
Classification number TK7868.L6
Item number F85 1985
082 00 - DEWEY DECIMAL CLASSIFICATION NUMBER
Classification number 621.3815/37
Edition number 19
100 1# - MAIN ENTRY--PERSONAL NAME
Personal name Fujiwara, Hideo.
245 10 - TITLE STATEMENT
Title Logic testing and design for testability /
Statement of responsibility, etc Hideo Fujiwara.
260 ## - PUBLICATION, DISTRIBUTION, ETC. (IMPRINT)
Place of publication, distribution, etc Cambridge, Mass. :
Name of publisher, distributor, etc MIT Press,
Date of publication, distribution, etc c1985.
300 ## - PHYSICAL DESCRIPTION
Extent x, 284 p. :
Other physical details ill. ;
Dimensions 24 cm.
440 #0 - SERIES STATEMENT/ADDED ENTRY--TITLE
Title MIT Press series in computer systems
500 ## - GENERAL NOTE
General note Includes index.
504 ## - BIBLIOGRAPHY, ETC. NOTE
Bibliography, etc Bibliography: p. [272]-278.
650 #0 - SUBJECT ADDED ENTRY--TOPICAL TERM
Topical term or geographic name as entry element Logic circuits
General subdivision Testing.
906 ## - LOCAL DATA ELEMENT F, LDF (RLIN)
a 7
b cbc
c orignew
d 1
e ocip
f 19
g y-gencatlg
942 ## - ADDED ENTRY ELEMENTS (KOHA)
Source of classification or shelving scheme Library of Congress Classification
Item type Loan - Normal on open shelf
Holdings
Withdrawn status Lost status Source of classification or shelving scheme Damaged status Not for loan Home library Current library Shelving location Date acquired Total Checkouts Full call number Barcode Date last seen Copy number Price effective from Koha item type
    Library of Congress Classification     UOE Main Library UOE Main Library Open shelf 22/05/2015   TK7868.L6 F85 1985 20144751 22/05/2015 20144751 22/05/2015 Loan - Normal on open shelf